000 00810nas a2200265 4500
001 BR9201303
003 BR-BrBNA
005 20231205092401.0
007 ta
008 230509b bl.|||p| |||| 00| 00por d
040 _aBR-BrBNA
_bpor
_cBiblioteca Nacional de Agricultura
041 _a(Pt)
072 _aL74
100 1 _aCasagrande, J.F.
100 1 _aPinheiro, L.E.L.
100 1 _aFerraz, J.B.S.
100 1 _aAlmeida, C.A.
245 1 _aA patologia espermatica agrupada segundo Blom (1972)na avaliacao de semen para congelacao
650 _aSEMEN
650 _aCONGELAMENTO
650 _aESPERMATOZOIDE
773 0 _tRevista Brasileira de Reproducao Animal (Brazil)
_xISSN 0102-0803
_g(1979), v. 3(2) p. 19-23
_wBR9201303
909 _a202311
_bLúcia
_c55
_dLúcia Elande
942 _2AGRIS
_n0
_cANA
999 _c131328
_d131328